000 00303nam a22001337a 4500
008 170608b xxu||||| |||| 00| 0 eng d
020 _a9780618473878
041 _aeng
080 _26TH
_a94
100 _a18
101 _aSHH
245 _aSOURCES OF THE WESTERN TRADITION
_cPERRY,M
942 _2udc
_cBK
999 _c16587
_d16587